Význam auditu v čase finančnej krízy

Vymedzenie podstaty auditu. Finančný audit. Finančná kríza a príčiny jej vzniku. Stabilizácia finančného systému. Harmonizácia audítorskej činnosti a budovanie európskeho trhu. Úloha audítora.

Salvato in:
Dettagli Bibliografici
Autore principale: Kršíková, Veronika, 1986-
Natura: Capitolo di libro
Lingua:slovacco
Soggetti:
Tags: Aggiungi Tag
Nessun Tag, puoi essere il primo ad aggiungerne!!

MARC

LEADER 00000nla$a2200000$$$4500
001 0149608
005 20240502083343.4
041 0 |a slo 
044 |a CZ 
245 1 0 |a Význam auditu v čase finančnej krízy  |c Veronika Kršíková 
520 |a Vymedzenie podstaty auditu. Finančný audit. Finančná kríza a príčiny jej vzniku. Stabilizácia finančného systému. Harmonizácia audítorskej činnosti a budovanie európskeho trhu. Úloha audítora. 
610 2 0 |a audit finančný 
610 2 0 |a audit interný 
610 2 0 |a výkazy finančné 
610 2 0 |a informácie 
610 2 0 |a závierka účtovná 
610 2 0 |a kríza finančná 
610 2 0 |a audítori 
610 2 0 |a harmonizácia 
610 2 0 |a trh 
610 2 0 |a Európa 
100 1 |a Kršíková, Veronika, 1986-